000 00874nam a2200241Ia 4500
001 22965
003 GE_BSU
008 181216s||||||||xx |||||||||||||| ||und||
040 _cGE_BSU
080 _a821.353.1.09+792(=353.1)
100 _aბაქრაძე, აკაკი.
245 _aკრიტიკული წერილები.
260 _aთბილისი
260 _bნაკადული
260 _c1966
300 _a155გვ. ; 16სმ.
541 _h0.84თ.
653 _aკრიტიკული წერილები.
653 _aლიტერატურის ისტორია და კრიტიკა -- ქართული ლიტერატურა.
653 _aქართული თეატრი.
653 _aქართული ლიტერატურა.
942 _cBK
999 _c55867
_d55867